00574 2200229 4500001002100000005001500021035002000036007000300056008004100059020002100100082000800121084001800129084001800147084001800165100001300183245003500196260002900231300004500260990001300305990001300318990001300331INLIS00000000000942920230627020045 a0010-0623000223ta230627 g 0 ind  a978-602-918-6222 a746 a746 LIN a C.1 a746 LIN a C.2 a746 LIN a C.30 aLinawati1 aAksesori dari Pita /cLinawati asurabaya :btiara aksara a64 hlm :billus bergambar warna ;c21 cm a023.3214 a023.3215 a023.3216